عرض عادي عرض مارك
  • الرماح، ماجد محمد ياسين مؤلف.

مدخل إسم شخص

عدد التسجيلات المستخدمة في: 3

001 - رقم الضبط

  • حقل الضبط: 86862

003 - معرف رقم الضبط

  • حقل الضبط: OSt

005 - تاريخ ووقت أخر عملية

  • حقل الضبط: 20200924161153.0

008 - عناصر بيانات ثابتة الطول

  • حقل تحكم ثابت الطول: 200924|| aca||aabn | a|a d

040 ## - مصدر الفهرسة

  • هيئة الفهرسة الأصلية: OSt
  • وكالة الكتابة: OSt

100 ## - مدخل -- أسم شخص

  • إسم شخص: الرماح، ماجد محمد ياسين مؤلف.

670 ## - بيانات المصدر موجوده

  • الاستشهاد بالمصدر: Work cat.: (OSt): الرماح، ماجد محمد ياسين مؤلف., علم المكتبات المقارن /, 2020